000 00690nam a2200241Ia 4500
005 20260430150659.0
008 008 250103s9999 xx 000 0 eng d
037 _aTheses
040 _aCRL
040 _beng
040 _ceng
041 _2eng
041 _aeng
084 _qCRL
100 _aSingh Vikash Ranjan Au.; Bhattacharya Abanti Gu.
_91238195
245 2 _aA Historical Study of the Role of India and China in the Indian Ocean (5000 BCE to 1500 AD)
260 _c2024
300 _a198p.
650 _aEast Asia - History
700 _aUniversity of Delhi. Faculty of Social Sciences. Deptt. of East Asian Studies
942 _cTH
999 _c1850373
_d1850373